|
|
|
|
| LEADER |
00000nam0a2200000 4500 |
| 001 |
295436 |
| 005 |
20231102000816.0 |
| 035 |
|
|
|a (RuTPU)RU\TPU\book\320514
|
| 090 |
|
|
|a 295436
|
| 100 |
|
|
|a 20150522d1983 k y0rusy5003 ca
|
| 101 |
0 |
|
|a rus
|
| 102 |
|
|
|a RU
|
| 105 |
|
|
|a a z 001zy
|
| 200 |
1 |
|
|a Прогрессивные методы и средства автоматизации механической обработки
|e межвузовский сборник научных трудов
|f Рыбинский авиационный технологический институт ; под ред. С. С. Силина
|
| 210 |
|
|
|a Ярославль
|c Изд-во ЯрПИ
|d 1983
|
| 215 |
|
|
|a 153 с.
|c ил.
|
| 320 |
|
|
|a Библиография в конце статей
|
| 606 |
1 |
|
|a Металлообработка механическая
|2 stltpush
|3 (RuTPU)RU\TPU\subj\42482
|9 62148
|
| 610 |
1 |
|
|a механообрабатывающие системы
|
| 610 |
1 |
|
|a создание
|
| 610 |
1 |
|
|a оборудование
|
| 610 |
1 |
|
|a токарные станки с ЧПУ
|
| 610 |
1 |
|
|a обработка
|
| 610 |
1 |
|
|a точность
|
| 610 |
1 |
|
|a резание
|
| 610 |
1 |
|
|a расчет
|
| 610 |
1 |
|
|a температурное поле
|
| 675 |
|
|
|a 621.91
|v 4
|
| 702 |
|
1 |
|a Силин
|b С. С.
|g Сергей Семенович
|4 340
|
| 712 |
0 |
2 |
|a Рыбинский авиационный технологический институт
|2 stltpush
|3 (RuTPU)RU\TPU\col\21732
|
| 801 |
|
0 |
|a RU
|b RuMRKP
|c 19950704
|g psbo
|
| 801 |
|
1 |
|a RU
|b 63413507
|c 20150522
|
| 801 |
|
2 |
|a RU
|b 63413507
|c 20170724
|g RCR
|
| 942 |
|
|
|c BK
|